| 000 | 02509nam0a2200349 4500 | ||
|---|---|---|---|
| 001 | RU\NLR\bibl\983948 | ||
| 005 | 20250614215307.0 | ||
| 021 |
_aRU _b2006-45625 _92280 |
||
| 035 | _a(nilc)RSL-KNO-002915446 | ||
| 035 | _a(NLR Aleph) 000971825 | ||
| 090 |
_a404073 _c404073 |
||
| 100 | _a20060809d2006 |||y0rusy50 ca | ||
| 101 | 0 | _arus | |
| 102 | _aRU | ||
| 105 | _ay ||||||||| | ||
| 106 | _ar | ||
| 200 | 1 |
_aЭкономические правонарушения: практика правоприменения в Санкт-Петербурге _eучебное пособие _fМ.Н. Бродский, Г.М. Бродский, Е.А. Чернявская [и др.] _gФедеральное агентство по образованию, Гос. образовательное учреждение высш. проф. образования "Санкт-Петербургский гос. ун-т экономики и финансов", Юридический фак., Каф. правового регулирования экономики |
|
| 210 |
_aСанкт-Петербург _cИзд-во Санкт-Петербургского государственного университета экономики и финансов _d2006 _eСПб. _gИзд-во С.-Петерб. гос. ун-т экономики и финансов |
||
| 215 |
_a92 с. _d20 |
||
| 606 | 1 |
_aПреступления в сфере экономики _jУчебные издания для высших учебных заведений _yРоссийская Федерация _92082504 _3RU\NLR\auth\661258529 |
|
| 610 | 0 | _aГосударство и право. Юридические науки -- Административное право -- Российская Федерация -- Формы и методы государственного управления -- Административное принуждение -- Административная ответственность -- Учебник для высшей школы | |
| 686 |
_aХ621.033.2я73-1 _2rubbk |
||
| 686 | _aХ628.111.6я73 | ||
| 701 | 1 |
_aБродский _bМ. Н. _f1948- _gМихаил Наумович _4070 |
|
| 701 | 1 |
_aБродский _bГ. М. _f1970- _gГригорий Михайлович _4070 |
|
| 701 | 1 |
_aЧернявская _bЕ. А. _4070 |
|
| 801 | 0 |
_aRU _bРКП _c20060809 _grcr |
|
| 801 | 1 |
_aRU _bРГБ _c20060809 |
|
| 801 | 2 |
_aRU _bNLR _c20060914 _grcr |
|
| 942 | _cBOOK | ||
| 980 | _aNB | ||